Statistics for Christmas in World Languages (2023)

Click here to take the quiz!

General Stats

  • This quiz has been taken 17 times
  • The average score is 16 of 25

Answer Stats

Language% Correct
ChristmasEnglish
100%
NoëlFrench
100%
NavidadSpanish
100%
NataleItalian
88%
WeihnachtenGerman
81%
ΧριστούγενναGreek
81%
クリスマスJapanese
81%
Boże NarodzeniePolish
81%
عيد الميلادArabic
75%
圣诞节Chinese
75%
РождествоRussian
75%
คริสต์มาสThai
69%
क्रिसमसHindi
63%
חַג הַמוֹלָדHebrew
56%
KarácsonyHungarian
56%
Giáng sinhVietnamese
56%
შობაGeorgian
50%
БожићSerbian
50%
JouluFinnish
44%
ገናAmharic
38%
KrishtlindjetAlbanian
31%
VánoceCzech
31%
ZiemassvētkiLatvian
31%
CrăciunRomanian
31%
NollagIrish
25%

Score Distribution

Percentile by Number Answered

Percent of People with Each Score

Your Score History

You have not taken this quiz